000 00721nam a22002057a 4500
005 20250921062526.0
008 250919b |||||||| |||| 00| 0 eng d
020 _a9781984695789
082 _aDC 307.76 Ad171 2025
100 _aAdams, Camden.
_967867
245 _aUrban geography /
_cCamden Adams and 3G E-Learning.
260 _aNew York :
_b3G E-Learning, LLC.,
_c©2025.
300 _axix, 292 pages :
_billustrations (some colors) ;
_c25 cm.
500 _aIncludes references and index.
650 0 _aUrban geography
_xTextbooks.
_967954
650 0 _aHuman geography
_xTextbooks.
_967955
650 0 _aCity and town life
_xTextbooks.
_967956
710 _a3G E-Learning.
_dauthor.
_933636
942 _2ddc
_cDC
999 _c23854
_d23854